Word Ladder: Chinese Takeout Quiz Stats

Quiz Updated Nov 28, 2016

Challenge
Share
Tweet
Embed
Score 0/24 Timer 02:00
0 Plays Today
Hint 4-Letter Word % Correct
The bottom of your faceCHIN
97%
*** ___ Suey ***CHOP
96.1%
___ and AbelCAIN
95.5%
PrecipitationRAIN
94%
Black birdCROW
94%
Farmer's yieldCROP
93.3%
Parrot's billBEAK
92%
'Beauty and the Beast' teacupCHIP
91.9%
CruelMEAN
91%
*** Chicken, beef, or ___ ***PORK
90.3%
*** Lo ___ ***MEIN
89.7%
Actor's partROLE
89.3%
Hint 4-Letter Word % Correct
*** Spring ___ ***ROLL
89.2%
*** White, brown, or fried, e.g. ***RICE
89%
*** ___ curd ***BEAN
88.6%
The topPEAK
88.5%
*** ___ Fun ***CHOW
87.5%
Leather strapREIN
85.8%
BenefitPERK
84.5%
*** Egg ___ Soup ***DROP
84.3%
To annoy, with 'up'RILE
83%
Test of opinionPOLL
80.5%
Object used for Festivus celebrationsPOLE
71.7%
Peruse, with 'over'PORE
71%

Today's Daily Dose

Missing Word
1971 Movies A-Z

Word Ladder
Complete Tour

Quick Pick
Logo Colors

On This Day
January 19th

You're not logged in!

Compare scores with friends on all Sporcle quizzes.
Sign Up with Email
OR
Log In

You Might Also Like...

Show Comments

Extras

Top Quizzes Today


Score Distribution

Your Account Isn't Verified!

In order to create a playlist on Sporcle, you need to verify the email address you used during registration. Go to your Sporcle Settings to finish the process.